000
00321nam a2200145Ia 4500
008
150201s1995 xx 000 0 und d
082
_a
618
_b
M1995B
100
_a
BOBAK,IRENE
245
_a
MATERNITY NURSING
250
_a
4TH
260
_b
MOSBY
_a
DELHI
_c
1995
300
_a
1-128
650
_a
NURSING
942
_2
ddc
_c
BK
999
_c
4010
_d
4010